| 000 | 00563nam a2200181Ia 4500 | ||
|---|---|---|---|
| 003 | GCL | ||
| 008 | 140319s9999 xx 000 0 ara d | ||
| 040 |
_aGCL / _cGCL |
||
| 082 | 0 | 4 |
_a320.5 _bح ف |
| 100 | 1 | _aحسين فوزى النجار | |
| 245 | 1 | 0 |
_aالفكر السياسى الحديث / _cحسين فوزى النجار |
| 490 |
_aالمكتبة الثقافية _v0 |
||
| 650 | 0 | 4 | _aالاشتراكية |
| 650 | 0 | 4 | _aالديمقراطية |
| 650 | 0 | 4 | _aالعلوم السياسية |
| 650 | 0 | 4 | _aالمذاهب السياسية |
| 942 |
_2ddc _cBK |
||
| 999 |
_c40430 _d40430 |
||